000 00218nam a22000857a 4500
008 161108b xxu||||| |||| 00| 0 eng d
100 _91088
_aTayal.B.B.etal
245 _aSocial Science-VIII
260 _aNew Delhi
_bFrank
_c2012
999 _c3749
_d3749